Biblioteca y Centro de Documentación

Los foros de competencia judicial internacional en materia marítima (Registro nro. 4670)

Detalles MARC
000 -CABECERA
Longitud fija campo de control 01322nam a2200361 c 4500
001 - NÚMERO DE CONTROL
Número de control 4670
003 - IDENTIFICADOR DE NÚMERO DE CONTROL
Identificador del número de control ES-MaCES
005 - FECHA Y HORA DE LA ÚLTIMA TRANSACCIÓN
Fecha y hora de la última transacción 20141221121732.0
008 - CAMPO FIJO DE DESCRIPCIÓN FIJA--INFORMACIÓN GENERAL
Códigos de información de longitud fija   960930s1993 sp ||| | spa d
017 ## - NÚMERO DE REGISTRO DE DERECHOS DE AUTOR Y DEPÓSITO LEGAL
Número de copyright o de depósito legal BI-334-94
Agencia que asigna el número DL
020 ## - ISBN (INTERNATIONAL STANDARD BOOK NUMBER)
Número Internacional Normalizado para Libros (ISBN) 8447570402
035 ## - NÚMERO DE CONTROL DEL SISTEMA
Número de control del sistema CES19980047067m
040 ## - FUENTE DE CATALOGACIÓN
Centro catalogador de origen ES-MaCES
Lengua de catalogación spa
Centro transcriptor ES-MaCES
100 1# - ENCABEZAMIENTO PRINCIPAL--NOMBRE PERSONAL
Nombre de persona Álvarez Rubio, Juan José
9 (RLIN) 6167
245 14 - MENCIÓN DE TÍTULO
Título Los foros de competencia judicial internacional en materia marítima
Resto del título : (estudio de las relaciones entre los diversos bloques normativos)
Mención de responsabilidad, etc. [Juan José Alvarez Rubio]
260 ## - PUBLICACIÓN, DISTRIBUCIÓN, ETC (PIE DE IMPRENTA)
Lugar de publicación, distribución, etc. Vitoria
Nombre del editor, distribuidor, etc. Servicio Central de Publicaciones del Gobierno Vasco
Fecha de publicación, distribución, etc. 1993
300 ## - DESCRIPCIÓN FÍSICA
Extensión XV, 365 p.
Dimensiones 25 cm
500 ## - NOTA GENERAL
Nota general En la cub., además: Itsas-Arduralaritza Eskola, Escuela de Administración Marítima
504 ## - NOTA DE BIBLIOGRAFÍA, ETC.
Nota de bibliografía, etc. Bibliografía: p. 345-365
541 ## - NOTA DE LA FUENTE INMEDIANTE DE ADQUISICIÓN
Forma de adquisición Compra
650 #4 - ASIENTO SECUNDARIO DE MATERIA--TÉRMINO DE MATERIA
Término de materia o nombre geográfico como elemento inicial derecho del mar
9 (RLIN) 29746
650 #4 - ASIENTO SECUNDARIO DE MATERIA--TÉRMINO DE MATERIA
Término de materia o nombre geográfico como elemento inicial derecho internacional
9 (RLIN) 26684
650 #4 - ASIENTO SECUNDARIO DE MATERIA--TÉRMINO DE MATERIA
Término de materia o nombre geográfico como elemento inicial derecho comunitario
9 (RLIN) 29866
650 #4 - ASIENTO SECUNDARIO DE MATERIA--TÉRMINO DE MATERIA
Término de materia o nombre geográfico como elemento inicial competencia legal
9 (RLIN) 29890
650 #4 - ASIENTO SECUNDARIO DE MATERIA--TÉRMINO DE MATERIA
Término de materia o nombre geográfico como elemento inicial acuerdo internacional
9 (RLIN) 26683
650 #4 - ASIENTO SECUNDARIO DE MATERIA--TÉRMINO DE MATERIA
Término de materia o nombre geográfico como elemento inicial España
9 (RLIN) 26964
653 10 - TÉRMINO DE INDEXACIÓN--NO CONTROLADO
Término no controlado Derecho internacional
710 1# - ENCABEZAMIENTO SECUNDARIO--NOMBRE CORPORATIVO
Nombre de entidad o nombre de jurisdicción como elemento inicial País Vasco
Unidad subordinada Gobierno
Término indicativo de función ed.
9 (RLIN) 4784
710 2# - ENCABEZAMIENTO SECUNDARIO--NOMBRE CORPORATIVO
Nombre de entidad o nombre de jurisdicción como elemento inicial Escuela de Administración Marítima
9 (RLIN) 2694
902 ## - CES. TIPO DE DOCUMENTO
Tipodoc (006$c Sirtex) LIB Libro
942 ## - ELEMENTOS KOHA
Fuente de clasificaión o esquema Clasificación propia del CES
Koha [por defecto] tipo de item Monografías
Parte de clasificación 6.0.6.
Existencias
Número de registro Signatura completa Tipo de item de Koha
016463 DPT-6143 Monografías
© CES, Consejo Económico y Social de España 2021